| 000 | 00929nam a22002177a 4500 | ||
|---|---|---|---|
| 003 | BD-DhUL | ||
| 005 | 20160906195908.0 | ||
| 008 | 160128s2008 bg ao||| |||| 000 0 ben | ||
| 020 | _a9840747227 | ||
| 040 |
_aBD-DhUL _cBD-DhUL |
||
| 082 |
_a954.92 _bJAM |
||
| 100 | 1 | 0 | _aজহির, কাজী সাজ্জাদ আলী |
| 245 | 1 | 0 |
_aমুক্তিযোদ্ধা শহীদ ক্যাপ্টেন আফতাব কাদের, বীর উত্তম / _cকাজী সাজ্জাদ আলী জহির, |
| 260 |
_aঢাকা : _bবাংলা একাডেমী, _c২০০৮. |
||
| 300 |
_a১০০ পৃ. : চিত্র ; _c ২১ সেমি |
||
| 365 |
_aটাকা _b১৫০.০০ |
||
| 500 | _aনির্ঘন্ট সংবলিত | ||
| 651 | 0 |
_aBangladesh _vHistory |
|
| 651 | 0 | _aবাংলাদেশ - ইতিহাস | |
| 942 |
_2ddc _cBK |
||
| 999 |
_c104533 _d104533 |
||